000 00571nam a2200205Ia 4500
003 OSt
005 20220928133253.0
006 a|||||r|||| 00| 0
007 ta
008 220927b |||||||| |||| 00| 0 eng d
024 _a34665
037 _cReference Collections
040 _aSDCL
_cSDCL
_beng
041 _2eng
_aeng
082 _aV3y7M, N8.1-.2 RR
245 0 _aWHOS'S WHO in British History.
260 _aLondon
_bFitzroy Dearborn Publishers
_c1998
942 _hV3y7M, N8.1-.2 RR
_cREF
_2CC
999 _c798677
_d798677